Statistiques concernant Plus grands pays par catégorie

Cliquez ici pour prendre le quiz!

Statistiques générales

  • Ce quiz a été pris 9 052 fois
    (5 487 depuis la dernière actualisation)
  • Le résultat moyen est 14 sur 19

Statistiques - réponses

Catégoriepays% Correct
dans le mondeRussie
100%
en Amérique du NordCanada
100%
en Amérique du SudBrésil
99%
entièrement en AsieChine
92%
en AfriqueAlgérie
89%
au Moyen-OrientArabie Saoudite
84%
HispanophoneArgentine
81%
entièrement en EuropeUkraine
79%
entièrement sur les îles des CaraïbesCuba
77%
sans frontières terrestresAustralie
77%
commençant par la lettre VVenezuela
72%
en Afrique - avant 2011Soudan
68%
en Amérique centraleNicaragua
66%
sans littoralKazakhstan
62%
sans littoral en AfriqueTchad
59%
sans littoral en EuropeBiélorussie
54%
sur la mer ÉgéeTurquie
51%
entièrement au nord de 50 ° NSuède
44%
bordant la mer d'ArabieInde
38%

Distribution des résultats

Percentile par nombre de réponses

% des personnes avec chaque résultat

Votre développement - résultats

Vous n’avez pas pris ce quiz depuis la dernière actualisation